000
00263nam a2200121Ia 4500
650
_a
MATLAB/Simulink
942
_c
BK
366
_f
25
654
_a
matlab
245
_a
Matlab simulink for Digital communication
260
_b
#N/A
546
_a
ENGLISH
_c
PAMPHALETS
999
_c
30896
_d
30896